|
|
|
|
| LEADER |
00000nam a22000007a 4500 |
| 005 |
20140715001054.0 |
| 007 |
cr|||| |||| |
| 008 |
140715s2013 ec |||||s|||| 00||0 spa d |
| 020 |
|
|
|a 978-9978-84-639-1
|
| 035 |
|
|
|a 12278
|
| 040 |
|
|
|a vLex
|
| 090 |
|
|
|c 5056
|d 5056
|
| 100 |
1 |
|
|a ℓvila Santamara̕, Ramiro
|
| 245 |
1 |
0 |
|a Estado, derecho y justicia.
|h [Recurso electrn̤ico] :
|b Estudios en honor a Julio Cšar Trujillo /
|c Ramiro ℓvila Santamara̕
|
| 256 |
|
|
|a Servicio en ln̕ea
|
| 260 |
|
|
|a Quito:
|b Corporacin̤ Editoria Nacional,
|c 2013
|
| 300 |
|
|
|a 1 recurso electrn̤ico
|
| 506 |
1 |
|
|a Disponible solo en los productos indicados
|d vLex Global
|d vLex Global (Academic Edition, excluding Law Schools)
|d vLex Global (U.S. Academic Edition, Law Schools)
|d vLex Global (U.S. Academic Edition, excluding Law Schools)
|d vLex Global (Academic Edition, Law Schools)
|
| 650 |
0 |
4 |
|a Derecho Civil
|z Ecuador
|
| 650 |
0 |
4 |
|a Derecho Constitucional
|z Ecuador
|
| 740 |
0 |
|
|a vLex Libros (Servicio en ln̕ea)
|
| 856 |
4 |
0 |
|u http://vlex.com/source/estado-derecho-y-justicia-estudios-en-honor-a-julio-cesar-trujillo-12278
|z Acceso restringido
|
| 942 |
|
|
|c BOOK
|
| 999 |
0 |
|
|a Civil Law
|
| 999 |
0 |
|
|a Constitutional Law
|